000 00322nam a22001337a 4500
999 _c13196
_d13196
020 _a9781259573798
082 _a658.022
100 _aJerome Katz & Richard Green
245 _aEntrepreneurial Small Business
250 _a5th Edition
260 _aUSA
_bMcGraw Hill Education
_c2018
300 _a667 Pages
942 _cBK